[Event "Titled Tuesday intern op 02nd Apr Early"]
[Site "Chess.com INT"]
[Date "2024.04.02"]
[Round "11"]
[White "Burmakin, Evgeniy"]
[Black "Novikova, Margarita"]
[Result "1-0"]
[WhiteElo "2166"]
[BlackElo "1999"]
[PlyCount "119"]
[EventDate "2024.04.02"]
[EventType "swiss (blitz)"]
[EventRounds "11"]
[EventCountry "USA"]
[SourceTitle "CB15_2024"]
[SourceDate "2024.04.10"]
[SourceVersion "1"]
[SourceVersionDate "2024.04.10"]
[SourceQuality "1"]

1. e4 d5 2. exd5 Qxd5 3. Nc3 Qd6 4. Bc4 Nf6 5. d3 c6 6. Nge2 Bf5 7. Bf4 e5 8. Bg3 Qc7 9. Qd2 Bd6 10. 0-0-0 Nbd7 11. h3 0-0-0 12. Rhe1 Nb6 13. Bb3 e4 14. Bxd6 Rxd6 15. Qf4 Bg6 16. dxe4 Rxd1+ 17. Rxd1 Qxf4+ 18. Nxf4 Bxe4 19. Bxf7 Bf5 20. g4 Bd7 21. g5 Ne8 22. Ne4 Rf8 23. Bxe8 Rxf4 24. Nd6+ Kc7 25. Bxd7 Nxd7 26. Ne8+ Kc8 27. Rd2 g6 28. Kd1 Rf3 29. Ke2 Rxh3 30. Nd6+ Kc7 31. Nxb7 Nb6 32. Nc5 Nd5 33. Ne6+ Kb6 34. c4 Ne7 35. Rd7 Nf5 36. b4 a5 37. bxa5+ Kxa5 38. Rb7 Ka6 39. Nc5+ Ka5 40. Nb3+ Ka4 41. Rb6 Ka3 42. Rxc6 Rxb3 43. Ra6+ Kb2 44. axb3 Nd4+ 45. Kd3 Nf3 46. Rb6 Ne1+ 47. Ke4 Ng2 48. c5 h5 49. c6 h4 50. c7 h3 51. c8Q h2 52. Qh3 Nf4 53. Qxh2 Ne2 54. f4 Kc3 55. b4 Nc1 56. Qg3+ Nd3 57. Qxd3+ Kb2 58. b5 Ka1 59. Rc6 Ka2 60. Rc2+ 1-0

[Event "Titled Tuesday intern op 02nd Apr Late"]
[Site "Chess.com INT"]
[Date "2024.04.02"]
[Round "9"]
[White "Cabralis, Quinn"]
[Black "Novikova, Margarita"]
[Result "1-0"]
[WhiteElo "2169"]
[BlackElo "1999"]
[PlyCount "49"]
[EventDate "2024.04.02"]
[EventType "swiss (blitz)"]
[EventRounds "11"]
[EventCountry "USA"]
[SourceTitle "CB15_2024"]
[SourceDate "2024.04.10"]
[SourceVersion "1"]
[SourceVersionDate "2024.04.10"]
[SourceQuality "1"]

1. e4 e5 2. Nf3 Nf6 3. Nxe5 d6 4. Nf3 Nxe4 5. d4 d5 6. Bd3 Bd6 7. 0-0 0-0 8. Re1 Re8 9. Nbd2 Nxd2 10. Rxe8+ Qxe8 11. Bxd2 Nd7 12. c3 Nf6 13. Qc2 Bg4 14. Re1 Qd7 15. Ne5 Bxe5 16. dxe5 Ne4 17. Bf4 Bh5 18. f3 Nc5 19. Bxh7+ Kh8 20. Bf5 Qa4 21. Qd2 c6 22. b4 Ne6 23. Bg3 Rd8 24. Bxe6 fxe6 25. Qg5 1-0

[Event "Titled Tuesday intern op 02nd Apr Late"]
[Site "Chess.com INT"]
[Date "2024.04.02"]
[Round "6"]
[White "Novak, Ratko"]
[Black "Novikova, Margarita"]
[Result "0-1"]
[WhiteElo "2034"]
[BlackElo "1999"]
[PlyCount "84"]
[EventDate "2024.04.02"]
[EventType "swiss (blitz)"]
[EventRounds "11"]
[EventCountry "USA"]
[SourceTitle "CB15_2024"]
[SourceDate "2024.04.10"]
[SourceVersion "1"]
[SourceVersionDate "2024.04.10"]
[SourceQuality "1"]

1. d4 g6 2. c4 Bg7 3. Nc3 d6 4. e4 Nc6 5. d5 Nd4 6. Be3 c5 7. Nge2 Nxe2 8. Bxe2 Nf6 9. 0-0 a6 10. f4 0-0 11. h3 Rb8 12. a4 b6 13. g4 Ne8 14. f5 Nc7 15. g5 Bd7 16. Qd2 b5 17. axb5 axb5 18. Ra7 Be5 19. b3 bxc4 20. bxc4 Rb3 21. Nd1 Qb8 22. Qa5 Rc8 23. Kg2 gxf5 24. exf5 Qb4 25. Qxb4 Rxb4 26. h4 Ba4 27. Nf2 Bc2 28. f6 exf6 29. gxf6 Bxf6 30. Bg4 Re8 31. Bf4 Rxc4 32. Bxd6 Nxd5 33. Bd7 Rd8 34. Ng4 Rxg4+ 35. Bxg4 Ne3+ 36. Kg3 Nxf1+ 37. Kf4 Rxd6 38. Ra8+ Kg7 39. Ra1 Nd2 40. Ra2 Bb3 41. Rxd2 Rxd2 42. Bf5 Rf2+ 0-1

[Event "Titled Tuesday intern op 02nd Apr Early"]
[Site "Chess.com INT"]
[Date "2024.04.02"]
[Round "4"]
[White "Novikova, Margarita"]
[Black "Berezin, Viktor1"]
[Result "0-1"]
[WhiteElo "1999"]
[BlackElo "2307"]
[PlyCount "108"]
[EventDate "2024.04.02"]
[EventType "swiss (blitz)"]
[EventRounds "11"]
[EventCountry "USA"]
[SourceTitle "CB15_2024"]
[SourceDate "2024.04.10"]
[SourceVersion "1"]
[SourceVersionDate "2024.04.10"]
[SourceQuality "1"]

1. e4 g6 2. d4 Bg7 3. Be3 d6 4. Nf3 c6 5. Be2 Nd7 6. 0-0 Ngf6 7. h3 Nxe4 8. c4 0-0 9. Nc3 Nxc3 10. bxc3 Qa5 11. Qd2 Nf6 12. Bd3 Bf5 13. Bxf5 Qxf5 14. Nh4 Qa5 15. Qd3 e5 16. c5 exd4 17. cxd4 dxc5 18. dxc5 Rad8 19. Qb3 Rd7 20. Rad1 Nd5 21. Nf3 Re8 22. Rd3 Rde7 23. Bg5 f6 24. Bd2 Qc7 25. Bc3 h6 26. Bb2 Kh7 27. Bd4 Nf4 28. Rd2 Re2 29. Rxe2 Nxe2+ 30. Kh1 Re7 31. Be3 Nf4 32. Qa4 Nd5 33. Bd4 a6 34. Qc2 Qf4 35. Qd3 Qe4 36. Qd1 Qf5 37. Re1 Qd7 38. Rxe7 Qxe7 39. Qc2 f5 40. Bxg7 Qxg7 41. Qd2 Qe7 42. Qc2 Qf6 43. Qe2 Qe7 44. Qd2 Kg7 45. Qd4+ Qf6 46. Qd2 g5 47. Nd4 Kg6 48. Nb3 Qe7 49. Qc2 Qe1+ 50. Kh2 Qe5+ 51. Kh1 Nf4 52. Qd1 Qe4 53. Qf1 Nd3 54. f3 Qe3 0-1

[Event "Titled Tuesday intern op 27th Feb Late"]
[Site "Chess.com INT"]
[Date "2024.02.27"]
[Round "5"]
[White "Novikova, Margarita"]
[Black "Reinecke, Katharina"]
[Result "1-0"]
[WhiteElo "1999"]
[BlackElo "1936"]
[PlyCount "123"]
[EventDate "2024.02.27"]
[EventType "swiss (blitz)"]
[EventRounds "11"]
[EventCountry "USA"]
[SourceTitle "CB10_2024"]
[SourceDate "2024.03.06"]
[SourceVersion "1"]
[SourceVersionDate "2024.03.06"]
[SourceQuality "1"]

1. e4 c6 2. d4 d5 3. Nd2 dxe4 4. Nxe4 Bf5 5. Ng3 Bg6 6. Bd3 Bxd3 7. Qxd3 e6 8. Nf3 Nd7 9. c3 Ngf6 10. 0-0 Be7 11. Re1 0-0 12. Bf4 c5 13. Rad1 cxd4 14. Qxd4 Bc5 15. Qd2 Qb6 16. b4 Be7 17. a3 Rfd8 18. Be3 Qc7 19. Bf4 Qb6 20. Qe3 Rac8 21. Qxb6 Nxb6 22. Rd2 Rxd2 23. Bxd2 Nc4 24. Bc1 Nd5 25. Ne4 f5 26. Neg5 Bxg5 27. Nxg5 e5 28. h4 Nxc3 29. Kh2 h6 30. Nf3 e4 31. Nd4 g6 32. h5 Kf7 33. hxg6+ Kxg6 34. Ne6 Ne5 35. Nf4+ Kh7 36. Bb2 Ng4+ 37. Kg3 Na4 38. Ba1 Rc2 39. Re2 Rxe2 40. Nxe2 Kg6 41. Nf4+ Kh7 42. Nd5 Nb6 43. Ne7 e3 44. Nxf5 e2 45. Bc3 Ne5 46. Nd4 e1Q 47. Bxe1 Nd3 48. Bc3 Nc4 49. a4 Ndb2 50. a5 Na4 51. Be1 b6 52. a6 b5 53. Nxb5 Nab6 54. Nxa7 Nb2 55. Nc6 Nd3 56. Bc3 Nd5 57. Bd4 N3xb4 58. a7 Nxc6 59. a8Q Nxd4 60. Qxd5 Ne2+ 61. Kf3 Ng1+ 62. Ke3 1-0

[Event "Swiss Queens Wed #3"]
[Site "FIDE Online Arena INT"]
[Date "2024.02.14"]
[Round "11"]
[White "Novikova, Margarita"]
[Black "Kiseleva, Simona"]
[Result "0-1"]
[WhiteElo "1999"]
[BlackElo "2174"]
[PlyCount "114"]
[EventDate "2024.02.14"]
[EventType "swiss (blitz)"]
[EventRounds "11"]
[EventCountry "NET"]
[SourceTitle "CB08_2024"]
[SourceDate "2024.02.21"]
[SourceVersion "1"]
[SourceVersionDate "2024.02.21"]
[SourceQuality "1"]

1. e4 d6 2. d4 Nf6 3. Nc3 c6 4. h3 Qa5 5. Bd2 e5 6. Nd5 Qd8 7. Nxf6+ Qxf6 8. Bc3 Nd7 9. Nf3 Qe7 10. dxe5 dxe5 11. Bc4 b5 12. Be2 g6 13. a3 Bg7 14. 0-0 0-0 15. Qd2 Re8 16. Ba5 Nf8 17. c4 a6 18. Rad1 Ne6 19. cxb5 cxb5 20. a4 bxa4 21. Qc2 Nd4 22. Nxd4 exd4 23. Bf3 Bd7 24. Rfe1 Be5 25. Qd2 Bb5 26. Bb4 Qc7 27. Rc1 Qd7 28. h4 Rac8 29. h5 Qe6 30. hxg6 hxg6 31. g3 Qf6 32. Kg2 Rxc1 33. Rxc1 Qe6 34. Rc5 Bg7 35. Rc1 Rc8 36. Rc2 Rc4 37. Rxc4 Qxc4 38. Bd6 Bf6 39. Bf4 Qd3 40. Qc1 Qc4 41. e5 Qxc1 42. Bxc1 Bxe5 43. Bd1 f5 44. f4 Bf6 45. Kf2 Kg7 46. Be2 Kf7 47. Bf3 Ke6 48. g4 Kd6 49. Bd1 Bc6 50. gxf5 gxf5 51. Bc2 Be4 52. Bxa4 Bh4+ 53. Ke2 d3+ 54. Ke3 Kc5 55. Bd2 Bf6 56. b4+ Kc4 57. Be8 Bd4# 0-1

[Event "Titled Tuesday intern op 13th Feb Late"]
[Site "Chess.com INT"]
[Date "2024.02.13"]
[Round "7"]
[White "Novikova, Margarita"]
[Black "Murthy, Pappu LN"]
[Result "0-1"]
[WhiteElo "1999"]
[BlackElo "1821"]
[PlyCount "66"]
[EventDate "2024.02.13"]
[EventType "swiss (blitz)"]
[EventRounds "11"]
[EventCountry "USA"]
[SourceTitle "CB08_2024"]
[SourceDate "2024.02.21"]
[SourceVersion "1"]
[SourceVersionDate "2024.02.21"]
[SourceQuality "1"]

1. e4 e6 2. Nc3 d5 3. d4 Bb4 4. Qg4 Kf8 5. e5 c5 6. Nf3 Qa5 7. Bd2 b6 8. Be2 Ba6 9. 0-0 Bxe2 10. a3 Bxf1 11. dxc5 bxc5 12. Nxd5 Bxd2 13. b4 cxb4 14. Nxd2 Qxd5 15. Nxf1 Nh6 16. Qxb4+ Kg8 17. Ne3 Qxe5 18. Rd1 Nc6 19. Qb7 Rd8 20. Rb1 Qd6 21. Qa6 Nf5 22. Nf1 h6 23. g3 Nfd4 24. Qd3 g6 25. Ne3 Kh7 26. Kg2 Nf5 27. Qe4 Nxe3+ 28. Qxe3 Qd5+ 29. Kg1 Rhe8 30. h4 h5 31. Re1 Nd4 32. Kf1 Nxc2 33. Qe2 Qh1# 0-1